Group theory : Proceedings of a conference held at Brixen/Bressanone, Italy, May 25-31, 1986
Αποθηκεύτηκε σε:
| Άλλοι συγγραφείς: | , , |
|---|---|
| Μορφή: | Βιβλίο |
| Γλώσσα: | English |
| Δημοσίευση: |
Berlin :
Springer-Verlag,
c1987.
|
| Σειρά: | (Lecture Notes in Mathematics
; 1281) |
| Θέματα: | |
| Ετικέτες: |
Προσθήκη ετικέτας
Δεν υπάρχουν, Καταχωρήστε ετικέτα πρώτοι!
|
MARC
| LEADER | 00000cam a2200000 i 4500 | ||
|---|---|---|---|
| 001 | 1/27427 | ||
| 008 | 941103s1987 gw ||| | eng|| | ||
| 020 | |a 354018399X | ||
| 035 | |a 1993 |l 10037824 | ||
| 040 | |a GR-MyUA |b gre |e AACR2 | ||
| 041 | 0 | |a eng | |
| 082 | 0 | |a 512.2 | |
| 245 | 1 | 0 | |a Group theory : |b Proceedings of a conference held at Brixen/Bressanone, Italy, May 25-31, 1986 / |c O.H. Kegel F. Menegazzo G. Zacher (Eds.). |
| 260 | |a Berlin : |b Springer-Verlag, |c c1987. | ||
| 300 | |a 179 σ. ; |c 24 εκ. | ||
| 490 | 1 | |a (Lecture Notes in Mathematics |v ; 1281) | |
| 500 | |a This volume presents the texts of most of the invited lectures and somes of the contributions given at the International Conference on Group Theory which took place 26-31 May 1986 at Brixen/Bressanone, Italy. | ||
| 500 | |a Περιέχει βιβλιογραφικές αναφορές. | ||
| 650 | 0 | 0 | |a Group theory |x Congresses. |
| 700 | 1 | |a Kegel, Otto H. |e edt | |
| 700 | 1 | |a Zacher, G. |q (Giovanni) |e edt | |
| 700 | 1 | |a Menegazzo, F. |q (Federico) |e edt | |
| 852 | |a INST |b SAMOS |e 19941103 |h 512.2 GRO |p 005300007572 |q 005300007572 |t BK |y 0 | ||
| 909 | |a Σ |b 029145 | ||